Statistics for Borussia Dortmund Squad 2014/15

Click here to take the quiz!

General Stats

  • This quiz has been taken 103 times
    (73 since last reset)
  • The average score is 17 of 25

Answer Stats

Answer % Correct
7MFShinji KagawaJPN
90%
15DFMats HummelsGER
90%
11MFMarco ReusGER
90%
4DFNeven SuboticSRB
88%
1GKRoman WeidenfellerGER
86%
17FWPierre-Emerick AubameyangGAB
83%
9FWCiro ImmobileITA
81%
25DFSokratisGRE
78%
20FWAdrian RamosCOL
76%
29DFMarcel SchmelzerGER
74%
18MFNuri SahinTUR
74%
26DFLukasz PiszczekPOL
72%
10MFHenrikh MkhitaryanARM
71%
6MFSven BenderGER
71%
8MFIlkay GündoganGER
71%
5MFSebastian KehlGER
69%
16MFJakub BlaszczykowskiPOL
69%
37DFErik DurmGER
67%
22GKMitchell LangerakAUS
60%
23FWDong-Won JiSKR
59%
28DFMatthias GinterGER
55%
19DFKevin GrosskreutzGER
53%
14MFMilos JojicSRB
43%
21MFOliver KirchGER
29%
24DFMarian SarrGER
28%

Score Distribution

Percentile by Number Answered

Percent of People with Each Score

Your Score History

You have not taken this quiz since the last reset